[Event "HUN-chT2 Barcza 1819"]
[Site "Hungary"]
[Date "2018.11.18"]
[Round "4.7"]
[White "Duzs, Jozsef"]
[Black "Pap, Kristof"]
[Result "1-0"]
[WhiteElo "1958"]
[BlackElo "1853"]
[PlyCount "99"]
[EventDate "2018.09.23"]
[EventType "team-tourn"]
[EventRounds "11"]
[EventCountry "HUN"]
[SourceTitle "CBM 189 Extra"]
[Source "ChessBase"]
[SourceDate "2019.06.03"]
[SourceVersion "1"]
[SourceVersionDate "2019.06.03"]
[SourceQuality "1"]
[WhiteTeam "Edeleny"]
[BlackTeam "Mezokovesd"]
[WhiteTeamCountry "HUN"]
[BlackTeamCountry "HUN"]

1. d4 e6 2. Nf3 Nf6 3. Bf4 b6 4. Nbd2 Bb7 5. e3 Be7 6. h3 0-0 7. Be2 d6 8. 0-0 Nbd7 9. c4 c5 10. Rc1 Rc8 11. Bh2 Ne4 12. Nxe4 Bxe4 13. Nd2 Bc6 14. Bf3 d5 15. dxc5 bxc5 16. Qc2 Qb6 17. Rfe1 Rfd8 18. Qb3 Qa5 19. Qc2 Bf6 20. b3 Be5 21. Red1 Qc7 22. Bxe5 Qxe5 23. Nf1 Nb6 24. cxd5 Bxd5 25. e4 Bb7 26. Rxd8+ Rxd8 27. Qxc5 Qb2 28. Qc2 Qa3 29. Rd1 Rc8 30. Qxc8+ Nxc8 31. Rd8+ Qf8 32. Rxf8+ Kxf8 33. Nd2 Ke7 34. Kf1 e5 35. Be2 Nd6 36. f3 g6 37. Kf2 f5 38. Bd3 Kf6 39. g3 Bc8 40. h4 h5 41. Ke3 Bb7 42. Nc4 Ne8 43. f4 exf4+ 44. Kxf4 fxe4 45. Bxe4 Ba6 46. Ne3 Nd6 47. Nd5+ Kf7 48. Nb4 Be2 49. Bd3 Bd1 50. Nc6 1-0

[Event "HUN-chT2 Barcza 1718"]
[Site "Hungary"]
[Date "2018.05.06"]
[Round "11.9"]
[White "Szucs, Andras Laszlo"]
[Black "Pap, Kristof"]
[Result "0-1"]
[WhiteElo "1567"]
[BlackElo "1868"]
[PlyCount "62"]
[EventDate "2017.09.24"]
[EventType "team-tourn"]
[EventRounds "11"]
[EventCountry "HUN"]
[SourceTitle "EXT 2021"]
[Source "ChessBase"]
[SourceDate "2020.10.23"]
[SourceVersion "1"]
[SourceVersionDate "2020.10.23"]
[SourceQuality "1"]
[WhiteTeam "Hajduszoboszlo"]
[BlackTeam "Mezokovesd"]
[WhiteTeamCountry "HUN"]
[BlackTeamCountry "HUN"]

1. e4 c5 2. Nf3 Nc6 3. Bb5 Nd4 4. Nxd4 cxd4 5. c3 a6 6. Be2 dxc3 7. dxc3 d6 8. Be3 Nf6 9. Nd2 g6 10. f3 Bg7 11. Qb3 Nd7 12. Nc4 b5 13. Nd2 Nb6 14. Qc2 Be6 15. 0-0 0-0 16. Rac1 Rc8 17. Qb1 Nc4 18. Nxc4 bxc4 19. Qc2 Qa5 20. Qd2 Rb8 21. a3 Qb5 22. Rb1 Qb3 23. Rfc1 Rb7 24. Qd1 Rfb8 25. Rc2 Bd7 26. Bd4 Bh6 27. Bxc4 Qxc4 28. Re2 Bb5 29. Re1 Ba4 30. Qe2 Qxe2 31. Rxe2 Bb5 0-1

[Event "HUN-chT2 Barcza 1718"]
[Site "Hungary"]
[Date "2017.11.26"]
[Round "4.8"]
[White "Kun, Sandor2222"]
[Black "Pap, Kristof"]
[Result "1-0"]
[WhiteElo "1964"]
[BlackElo "1868"]
[PlyCount "87"]
[EventDate "2017.09.24"]
[EventType "team-tourn"]
[EventRounds "11"]
[EventCountry "HUN"]
[SourceTitle "EXT 2021"]
[Source "ChessBase"]
[SourceDate "2020.10.23"]
[SourceVersion "1"]
[SourceVersionDate "2020.10.23"]
[SourceQuality "1"]
[WhiteTeam "Debrecen Sakkiskola II"]
[BlackTeam "Mezokovesd"]
[WhiteTeamCountry "HUN"]
[BlackTeamCountry "HUN"]

1. e4 c6 2. d4 d5 3. e5 Bf5 4. g4 Bg6 5. h4 h5 6. g5 e6 7. Be2 c5 8. c3 cxd4 9. cxd4 Bxb1 10. Rxb1 Bb4+ 11. Kf1 Ne7 12. Bxh5 Nf5 13. Be2 Nc6 14. Nf3 Qb6 15. Be3 Be7 16. Bd3 g6 17. a3 0-0-0 18. Bxf5 exf5 19. Qd3 Na5 20. Kg2 Kb8 21. Nd2 Rc8 22. b4 Nc4 23. f4 Nxd2 24. Qxd2 Rc4 25. Kg3 Rhc8 26. Rbc1 Qa6 27. Rxc4 Rxc4 28. Qb2 Qa4 29. Rc1 Rxc1 30. Qxc1 a5 31. Bd2 axb4 32. Bxb4 Qb3+ 33. Kg2 Bxb4 34. axb4 Qxb4 35. Qc5 Qxc5 36. dxc5 Kc7 37. e6 fxe6 38. h5 d4 39. h6 d3 40. Kf3 e5 41. fxe5 f4 42. h7 d2 43. Ke2 f3+ 44. Kxd2 1-0

[Event "HUN-chT2 Barcza 1415"]
[Site "Hungary"]
[Date "2014.10.12"]
[Round "?"]
[White "Kulcsar, Gabor"]
[Black "Pap, Kristof"]
[Result "1/2-1/2"]
[WhiteElo "2010"]
[BlackElo "1540"]
[PlyCount "124"]
[EventDate "2014.09.07"]
[EventType "team-tourn"]
[EventRounds "11"]
[EventCountry "HUN"]
[SourceTitle "EXT 2016"]
[Source "ChessBase"]
[SourceDate "2015.10.08"]
[SourceVersion "1"]
[SourceVersionDate "2015.10.08"]
[SourceQuality "1"]
[WhiteTeam "Debrecen Sakkiskola"]
[BlackTeam "Mezokovesd"]
[WhiteTeamCountry "HUN"]
[BlackTeamCountry "HUN"]

1. d4 Nf6 2. c4 e5 3. d5 c6 4. Nc3 Bb4 5. Bd2 cxd5 6. Nxd5 Nxd5 7. cxd5 Qa5 8. e4 d6 9. a3 Bxd2+ 10. Qxd2 Qxd2+ 11. Kxd2 b6 12. Rc1 Kd8 13. Bd3 Ba6 14. Ne2 Bxd3 15. Kxd3 Nd7 16. Nc3 Nc5+ 17. Ke3 Nb3 18. Rcd1 a6 19. f4 f6 20. fxe5 fxe5 21. Rhf1 Ke7 22. Rf2 Rhf8 23. Rdf1 Rxf2 24. Rxf2 Rf8 25. Rxf8 Kxf8 26. Kd3 b5 27. Na2 Nc5+ 28. Ke3 Nb3 29. Nb4 a5 30. Nc6 Ke8 31. Na7 Nd4 32. Kd3 Kd7 33. a4 bxa4 34. Kc4 Nc2 35. Kb5 a3 36. bxa3 Nxa3+ 37. Kxa5 Nc4+ 38. Kb4 Nd2 39. Nb5 Nxe4 40. Kc4 Nf6 41. h3 Nh5 42. h4 Nf4 43. g3 Ne2 44. g4 h5 45. gxh5 Nf4 46. Nc3 Nxh5 47. Ne4 Nf4 48. Ng3 Ng2 49. h5 Ne3+ 50. Kb3 Nxd5 51. Nf5 Nf6 52. Nxg7 d5 53. h6 Ke7 54. Nh5 Nh7 55. Kb4 Kd6 56. Kc3 Ke6 57. Kb4 Kf5 58. Kc5 Ke6 59. Ng7+ Kf6 60. Kxd5 Ng5 61. Ne8+ Kg6 62. Kxe5 Kxh6 1/2-1/2

[Event "HUN-chT2 Erkel 1314"]
[Site "Hungary"]
[Date "2014.02.16"]
[Round "7.12"]
[White "Czajner, Gabor"]
[Black "Pap, Kristof"]
[Result "1-0"]
[WhiteElo "1596"]
[BlackElo "1484"]
[PlyCount "103"]
[EventDate "2013.09.08"]
[EventType "team-tourn"]
[EventRounds "11"]
[EventCountry "HUN"]
[SourceTitle "EXT 2016"]
[Source "ChessBase"]
[SourceDate "2015.10.08"]
[SourceVersion "1"]
[SourceVersionDate "2015.10.08"]
[SourceQuality "1"]
[WhiteTeam "Andornaktalya"]
[BlackTeam "Mezokovesd"]
[WhiteTeamCountry "HUN"]
[BlackTeamCountry "HUN"]

1. d4 f5 2. Bf4 d6 3. Nf3 g6 4. c3 Bg7 5. e3 Nf6 6. Bc4 e6 7. Qb3 d5 8. Bd3 0-0 9. Nbd2 Re8 10. 0-0 Nbd7 11. Rac1 c5 12. c4 cxd4 13. exd4 Qb6 14. Qxb6 Nxb6 15. c5 Nbd7 16. b4 Ne4 17. Nb3 e5 18. Bxe5 Nxe5 19. Nxe5 Bxe5 20. dxe5 Rxe5 21. Rfe1 Re6 22. Nd4 Rf6 23. f3 Ng5 24. Re5 Ne6 25. Rxd5 Nxd4 26. Rxd4 Be6 27. a4 Bb3 28. a5 Rff8 29. Bc4+ Bxc4 30. Rcxc4 Rfd8 31. Kf2 Kf7 32. Rxd8 Rxd8 33. c6 b5 34. axb6 axb6 35. b5 Ke6 36. Rc2 Ke7 37. Re2+ Kf7 38. Kg3 Rd5 39. Rc2 Rd8 40. Ra2 Ke6 41. Ra6 Rb8 42. c7 Rc8 43. Rxb6+ Kd7 44. Rc6 Rxc7 45. Rxc7+ Kxc7 46. Kf4 Kb6 47. Kg5 Kxb5 48. h4 Kc5 49. h5 Kd5 50. hxg6 hxg6 51. Kxg6 Ke6 52. f4 1-0

[Event "HUN-chT2 Erkel 1213"]
[Site "Hungary"]
[Date "2013.02.17"]
[Round "7.11"]
[White "Pap, Kristof"]
[Black "Toth Katona, Tamas"]
[Result "0-1"]
[WhiteElo "1350"]
[BlackElo "1846"]
[PlyCount "102"]
[EventDate "2012.09.16"]
[EventType "team-tourn"]
[EventRounds "11"]
[EventCountry "HUN"]
[SourceTitle "EXT 2014"]
[Source "ChessBase"]
[SourceDate "2013.11.20"]
[SourceVersion "1"]
[SourceVersionDate "2013.11.20"]
[SourceQuality "1"]
[WhiteTeam "Mezokovesd"]
[BlackTeam "Vizugy"]
[WhiteTeamCountry "HUN"]
[BlackTeamCountry "HUN"]

1. e4 e5 2. Nf3 Nc6 3. Bb5 a6 4. Ba4 Nf6 5. 0-0 b5 6. Bb3 Be7 7. Re1 0-0 8. a4 Bb7 9. d3 d6 10. Nbd2 Nb4 11. Nf1 c5 12. Ng3 Qd7 13. h3 Rfc8 14. axb5 axb5 15. Rxa8 Bxa8 16. c3 Nc6 17. Ng5 Nd8 18. Qe2 Ne6 19. Nf5 Bd8 20. Nxe6 fxe6 21. Ng3 Bb6 22. Bg5 Kh8 23. Bxf6 gxf6 24. Qg4 c4 25. Bc2 Rg8 26. Qe2 Rxg3 27. Kh2 Rg8 28. dxc4 bxc4 29. Qxc4 d5 30. Qe2 d4 31. c4 Qg7 32. g3 Qa7 33. Bd3 Bc5 34. Rb1 Rb8 35. Qg4 Qd7 36. Qh4 Qe7 37. Qh6 Bc6 38. Qd2 Qb7 39. Qc2 f5 40. f3 fxe4 41. fxe4 Qb3 42. Qe2 Qa2 43. Qd1 Rxb2+ 44. Rxb2 Qxb2+ 45. Kg1 Qc3 46. Qf3 Qe1+ 47. Kg2 Qd2+ 48. Kg1 Qe3+ 49. Kg2 Qxf3+ 50. Kxf3 Kg7 51. Kg4 Bb4 0-1